Vincitori Mondiali di calcio - Morte improvvisa - Statistics

Statistiche generali
  • Questo quiz è stato fatto 1.461 volte
    666 dall'ultimo reset
  • Il punteggio medio è 7 su 8
Answers on the Grid
Answers color-coded by a green-red scale on the quiz's grid according to % correct below.
Brasile
Germania
Italia
Argentina
Francia
Uruguay
Inghilterra
Spagna
Cile
Paraguay
Colombia
Perù
Ecuador
Bolivia
Belgio
Serbia
Svezia
Svizzera
Russia
Paesi Bassi
Repubblica Ceca
Ungheria
Polonia
Scozia
Austria
Portogallo
Romania
Bulgaria
Croazia
Messico
Stati Uniti
Costa Rica
Honduras
El Salvador
Camerun
Marocco
Tunisia
Nigeria
Algeria
Ghana
Egitto
Corea del Sud
Giappone
Iran
Arabia Saudita
Australia
Nuova Zelanda
Bolivia
Sudafrica
Danimarca
 
Statistiche sulle risposte
Risposta % Corretto
Italia
93%
Francia
91%
Germania
90%
Spagna
89%
Argentina
88%
Brasile
88%
Inghilterra
83%
Uruguay
80%
Nessun quiz corrispondente trovato
Distribuzione punteggi
Percentuale di utenti per punteggio
Percentile per numero di risposta
I tuoi punteggi nel tempo
Non hai fatto questo quiz dall'ultimo reset